| 000 | 00391pab a2200157 454500 | ||
|---|---|---|---|
| 008 | 180718b1999 xxu||||| |||| 00| 0 eng d | ||
| 100 | _aLalitha, N. | ||
| 245 | _aCommercialising road project: lessons for India | ||
| 260 | _c1999 | ||
| 300 | _ap.71-88 | ||
| 362 | _aJan-Jun | ||
| 650 | _aRoads - India | ||
| 650 | _aRoads | ||
| 773 | _aReview of Development and Change | ||
| 909 | _a40556 | ||
| 999 |
_c40556 _d40556 |
||